000 00701nam a22002417a 4500
003 OSt
005 20260226154017.0
008 260226b |||||||| |||| 00| 0 eng d
020 _a978-93-88028-18-9
037 _cTextbook
040 _aFEDL
_beng
_cFEDL
041 _aeng
_heng
082 _a370.154 4 MAN/R
100 _aMangal, S. K.
245 _aLearning and teaching/
_cby S. K. Mangal; Shubhra Mangal
260 _aDelhi
_bPHI Learning Private Limited
_c2025
300 _axx, 563p.
365 _aINR
_b1095.00
650 _aTEACHING- LEARNING
_91112103
700 _aMangal, Shubhra
942 _2ddc
_cTB
_h370.154 4
_n0
999 _c1680300
_d1680300